Statistics for US states by poverty rate(Households in poverty)

Click here to take the quiz!

General Stats

  • This quiz has been taken 67 times
  • The average score is 9 of 10

Answer Stats

%of householdsAnswer% Correct
19.2Alabama
98%
21.9Mississippi
98%
18.7Arkansas
93%
20.6New Mexico
93%
19.9Louisiana
91%
19Kentucky
89%
18.2Tennessee
89%
18.4Georgia
88%
18.3West Virginia
88%
18.2Arizona
77%

Score Distribution

Percentile by Number Answered

Percent of People with Each Score

Your Score History

You have not taken this quiz